• 首页
  • 本馆介绍
  • 公告通知
  • 最新文献
  • 馆藏检索
  • 电子资源
  • 读者导购
  • 参考咨询
  • 我的图书馆
  • 登录
  • 详细信息显示
  • 放入我的书架
  • 预约/预借图书
  • 作者相关作品
  • 分类相关作品
  • 丛书相关作品
  • 出版社相关作品

书目信息

  • 表格格式
  • 工作单格式
  • 卡片格式
题名:
中国古代典籍精讲
    
 
作者: 胡道静 著
分册:  
出版信息: 上海   上海人民出版社  2020.5
页数: 340页
开本: 20cm
丛书名:
单 册:
中图分类: G256.1
科图分类:
主题词: 古籍--研究--中国
电子资源:
ISBN: 978-7-208-16416-1
000 00861nam0 2200265 45
001 012001004206
005 20141014153453.0
010    @a978-7-208-16416-1@b精装@dCNY68.00
099    @aCAL 012020096822
100    @a20200630d2020 em y0chiy0110 ea
101 0  @achi
102    @aCN@b310000
105    @ay a 000yy
106    @ar
200 1  @a中国古代典籍精讲@Azhong guo gu dai dian ji jing jiang@f胡道静著
210    @a上海@c上海人民出版社@d2020.5
215    @a340页@d20cm
314    @a胡道静, 古文献学家、科技史学家。
320    @a有书目
330    @a本书全面详尽地展示出中国古代典籍流存的历史和现状, 具有重大学术意义。主要内容包括: 谈谈我国的古籍、谈古籍的普查和情报、学点目录学等。
606 0  @a古籍@x研究@y中国
690    @aG256.1@v5
701  0 @a胡道静@Ahu dao jing@4著
801    @aCN@bAHXH@c20210922
905    @b1329924-8@dG256.1@e108@f5
    
    中国古代典籍精讲/胡道静著.-上海:上海人民出版社,2020.5
    340页;20cm
    
    
    ISBN 978-7-208-16416-1(精装):CNY68.00
    本书全面详尽地展示出中国古代典籍流存的历史和现状, 具有重大学术意义。主要内容包括: 谈谈我国的古籍、谈古籍的普查和情报、学点目录学等。
●
相关链接 在E读中查询图书 在五车中查询图书 在当当中查询图书 在豆瓣中查询图书


正题名:中国古代典籍精讲     索取号:G256.1/108         预约/预借

序号 登录号 条形码 馆藏地/架位号 状态 备注
1 1329924   213299241   第一样本阅览室/ [索取号:G256.1/108] 在馆    
2 1329925   213299250   教育系资料室/ [索取号:G256.1/108] 在馆    
3 1329926   213299269   教育系资料室/ [索取号:G256.1/108] 在馆    
4 1329927   213299278   第四借阅区/ [索取号:G256.1/108] 在馆    
5 1329928   213299287   第四借阅区/ [索取号:G256.1/108] 在馆    
唐山师范学院图书馆 欢迎您!
大连网信软件有限公司© 版权所有